Digital Art (Record no. 9448)

000 -LEADER
fixed length control field 00361nam a2200145 4500
003 - CONTROL NUMBER IDENTIFIER
control field OSt
005 - DATE AND TIME OF LATEST TRANSACTION
control field 20210623102828.0
008 - FIXED-LENGTH DATA ELEMENTS--GENERAL INFORMATION
fixed length control field 210623b ||||| |||| 00| 0 eng d
020 ## - INTERNATIONAL STANDARD BOOK NUMBER
International Standard Book Number 9780500203989
082 ## - DEWEY DECIMAL CLASSIFICATION NUMBER
Classification number 776
Item number PAU
245 ## - TITLE STATEMENT
Title Digital Art
250 ## - EDITION STATEMENT
Edition statement revised and expanded edition
260 ## - PUBLICATION, DISTRIBUTION, ETC. (IMPRINT)
Place of publication, distribution, etc London
Name of publisher, distributor, etc Thames and hudson world of art
Date of publication, distribution, etc 2008
942 ## - ADDED ENTRY ELEMENTS (KOHA)
Source of classification or shelving scheme
Holdings
Withdrawn status Lost status Source of classification or shelving scheme Damaged status Koha normalized classification for sorting Not for loan Permanent location Current location Date acquired Total Checkouts Full call number Barcode Date last seen Date last borrowed Price effective from Koha item type
        776_000000000000000_PAU   BMS College of Architecture, Design and Planning BMS College of Architecture, Design and Planning 2021-06-23 1 776 PAU AR-UG2222 2024-10-08 2024-09-20 2021-06-23 UG Books
Copyright © 2025, The Librarian, Library and Information Centre, BMSCA D&P, Bengaluru. All Rights Reserved
web counter

Powered by Koha